Informe final de consultoría. Capacitación para la promoción del desarrollo local /
Contenido: Taller n. 1: Homologación de conceptos. Taller n. 2: Propuesta metodológica para la promoción del desarrollo local. Taller n. 3: Construcción de indicadores para el monitoreo del desarrollo local. Taller n. 4-5: Elaboración de proyectos. Taller n. 6: Herramientas para la promoción del des...
Enregistré dans:
| Auteur principal: | |
|---|---|
| Collectivité auteur: | |
| Autres auteurs: | , |
| Format: | Texte |
| Langue: | Spanish |
| Publié: |
San José:
PROFAC
1999
|
| Sujets: | |
| Tags: |
Ajouter un tag
Pas de tags, Soyez le premier à ajouter un tag!
|
MARC
| LEADER | 00000 a a2200000 04500 | ||
|---|---|---|---|
| 001 | 19147 | ||
| 003 | cru IIS | ||
| 005 | 20220504094716.0 | ||
| 008 | 220504b1999 CR ||||| |||| 00| 0 spa d | ||
| 040 | |a cru IIS |b spa |c cru IIS | ||
| 090 | |a 05.03.03 P969cap | ||
| 100 | |a Jara Picado, Sandra | ||
| 110 | |a Proyecto de Fortalecimiento de la Autogestión Comunitaria | ||
| 245 | |a Informe final de consultoría. Capacitación para la promoción del desarrollo local / |c Sandra Jara Picado | ||
| 260 | |a San José: |b PROFAC |c 1999 | ||
| 300 | |a 93 páginas (pag. cortada) | ||
| 300 | |b **no definido** |b il. | ||
| 520 | |a Contenido: Taller n. 1: Homologación de conceptos. Taller n. 2: Propuesta metodológica para la promoción del desarrollo local. Taller n. 3: Construcción de indicadores para el monitoreo del desarrollo local. Taller n. 4-5: Elaboración de proyectos. Taller n. 6: Herramientas para la promoción del desarrollo local. Módulo 1: La organización, la integración y la participación comunitaria. Taller n. 7: Módulo 5: El liderazgo democrático. Taller n. 8: Módulos 6-7: El diagnóstico del conflicto. La solución de los conflictos. DOC/ALJ | ||
| 650 | |a CAPACITACION PARA EL DESARROLLO | ||
| 650 | |a DESARROLLO LOCAL | ||
| 650 | |a DESARROLLO DE LA COMUNIDAD | ||
| 650 | |a DESARROLLO REGIONAL | ||
| 700 | |a Molina Rodríguez, Eugenia | ||
| 700 | |a coord | ||
| 942 | |2 z |c LI |h 05.03.03 P969cap |i 22568 |6 050303_P969CAP_22568 | ||
| 999 | |c 4168 |d 4168 | ||
